000 00756nam a22002657a 4500
001 BR9300582
003 BR-BrBNA
005 20230928093825.0
007 ta
008 230509b bl.||||| |||| 00| 0 por d
040 _aBR-BrBNA
_bpor
_cBiblioteca Nacional de Agricultura
041 _a(Por)
072 _aE40
_b0230
090 _ 0230 BR9300582
110 1 _aCooperativa de Produtores de Cana, Acucar e Alcool do Estado de Sao Paulo Ltda., Sao Paulo (Brasil)
_92863
245 1 _aRelatorio anual 1987/1988 [COPERSUCAR]
260 3 _aSao Paulo, SP (Brasil):
_c1988.
300 _a36 p.
650 _aCooperativa
650 _aCana de Acucar
650 _aAlcool
650 _aSao Paulo
909 _a202309
_bLucia
_c55
_dLucia Elande
942 _cBK
999 _c47329
_d47329